Handbook of experimental psychology / (Record no. 31819)
[ view plain ]
| 000 -LEADER | |
|---|---|
| fixed length control field | 00657nam a2200229 a 4500 |
| 001 - CONTROL NUMBER | |
| control field | 31819 |
| 003 - CONTROL NUMBER IDENTIFIER | |
| rucl marc code | BD-RjUL |
| 005 - DATE AND TIME OF LATEST TRANSACTION | |
| control field | 20211209051743.0 |
| 008 - FIXED-LENGTH DATA ELEMENTS--GENERAL INFORMATION | |
| fixed length control field | 140422s1951 enka 001 0 eng d |
| 020 ## - INTERNATIONAL STANDARD BOOK NUMBER | |
| International Standard Book Number | 0471823686 |
| 035 ## - SYSTEM CONTROL NUMBER | |
| System control number | (BD-RjUL)31907 |
| 040 ## - CATALOGING SOURCE | |
| Original cataloging agency | GAT |
| Transcribing agency | GAT |
| Modifying agency | m.c |
| -- | BD-RjUL |
| Language of cataloging | eng |
| 041 ## - LANGUAGE CODE | |
| Language code of text/sound track or separate title | eng |
| 082 ## - DEWEY DECIMAL CLASSIFICATION NUMBER | |
| Edition number | 23 |
| Classification number | 150 |
| Author mark and year | HAN 1951 |
| 245 10 - TITLE STATEMENT | |
| Title | Handbook of experimental psychology / |
| Statement of responsibility, etc. | edited by S.S.Stevens |
| 260 ## - PUBLICATION, DISTRIBUTION, ETC. (IMPRINT) | |
| Place of publication, distribution, etc. | London : |
| Name of publisher, distributor, etc. | Wiley, |
| Date of publication, distribution, etc. | c1951. |
| 300 ## - PHYSICAL DESCRIPTION | |
| Pagination | xi, 1436 p. : |
| Illustrations | ill. ; |
| Size | 26 cm. |
| 504 ## - BIBLIOGRAPHY, ETC. NOTE | |
| Bibliography, etc | Includes bibliography and indexes. |
| 650 #0 - SUBJECT ADDED ENTRY--TOPICAL TERM | |
| Topical term or geographic name as entry element | Psychology, Experimental |
| 9 (RLIN) | 96859 |
| 700 1# - ADDED ENTRY--PERSONAL NAME | |
| Personal name | Stevens, S.S. |
| 942 ## - ADDED ENTRY ELEMENTS (KOHA) | |
| Source of classification or shelving scheme | Dewey Decimal Classification |
| Koha item type | Books |
| Lost status | Source of classification or shelving scheme | Damaged status | Not for loan | Collection code | Permanent Location | Current Location | Shelving location | Date acquired | Source of acquisition | Cost, normal purchase price | Total Checkouts | Full call number | Date last seen | Copy number | Koha item type |
|---|---|---|---|---|---|---|---|---|---|---|---|---|---|---|---|
| Dewey Decimal Classification | Non-fiction | Central Library, University of Rajshahi | Central Library, University of Rajshahi | 01/12/1973 | US govt Gift. | 0.00 | 150 HAN 1951 | 22/04/2014 | C-10 | Books | |||||
| Dewey Decimal Classification | Not For Loan | Non-fiction | Central Library, University of Rajshahi | Central Library, University of Rajshahi | Reading Room | 09/12/2021 | Kamla Book | 75.00 | 150 HAN 1951 | 30/03/2017 | C-1 | Books | |||
| Dewey Decimal Classification | Non-fiction | Central Library, University of Rajshahi | Central Library, University of Rajshahi | 06/05/1975 | Johnathan wren and co. | 12.55 | 150 HAN 1951 | 14/03/2021 | C-2 | Books | |||||
| Dewey Decimal Classification | Non-fiction | Central Library, University of Rajshahi | Central Library, University of Rajshahi | General Stacks | 06/06/1975 | Jonathan Wren & Co. | 12.55 | 150 HAN 1951 | 23/05/2022 | C-3 | Books |